Lesen - Üben - Sprechen <Ein> Übungsmaterial zur deutschen Konversation

Uložené v:
Podrobná bibliografia
Hlavný autor: Lišková, Danuša
Ďalší autori: Kanisová, Zdenka, Richter, Manfred
Médium: Kniha
Jazyk:German
Slovak
Vydavateľské údaje: Bratislava Vysoká škola ekonomická 1980
Tagy: Pridať tag
Žiadne tagy, Buďte prvý, kto otaguje tento záznam!

MARC

LEADER 00000nam a2200000 4500
001 c142606
005 20230116104622.8
041 0 |a ger 
041 0 |a slo 
044 |a SK 
245 1 0 |a Lesen - Üben - Sprechen  |b <Ein> Übungsmaterial zur deutschen Konversation  |c Danuša Lišková, Zdenka Kanisová, Manfred Richter 
264 1 |a Bratislava  |b Vysoká škola ekonomická  |c 1980 
300 |a 160 s. 
100 1 |a Lišková, Danuša 
700 1 |a Kanisová, Zdenka 
700 1 |a Richter, Manfred